General Knowledge Tile Quiz No. 1 - Statistics

General Stats
  • This quiz has been taken 26 times
  • The average score is 79 of 112
Answer Stats
Question Tile Select % Correct
Breeds of Cattle? Maine coon No
100%
Breeds of Cattle? Yorker No
95%
Countries in Asia? Bhutan Yes
90%
Famous male boxers past and present? Clark Kent No
90%
English Counties? Cornwall Yes
90%
English Counties? Darwin No
90%
Countries in Asia? Dominica No
90%
Famous male boxers past and present? Greg Norman No
90%
Countries in Asia? Grenada No
90%
Famous male boxers past and present? Jackie Robinson No
90%
Famous male boxers past and present? Jesse Owens No
90%
Famous male boxers past and present? John Harrison No
90%
Breeds of Cattle? Khaki campbell No
90%
Famous male boxers past and present? Michael Jordan No
90%
Famous male boxers past and present? Mike Tyson Yes
90%
Countries in Asia? Mongolia Yes
90%
English Counties? Normandy No
90%
Countries in Asia? Oman Yes
90%
Countries in Asia? Singapore Yes
90%
Countries in Asia? Turkey Yes
90%
Countries in Asia? Uzbekistan Yes
90%
Breeds of Cattle? Airedale No
86%
Roman Emperors from 31 BC - 150 AD Alcapone No
86%
Breeds of Cattle? Cassowary No
86%
Countries in Asia? Eritrea No
86%
English Counties? Kent Yes
86%
English Counties? Lancashire Yes
86%
Countries in Asia? Mauritania No
86%
Famous male boxers past and present? Mo Farah No
86%
Famous male boxers past and present? Muhammad Ali Yes
86%
English Counties? Northumberland Yes
86%
Famous male boxers past and present? Wayne Gretzky No
86%
Countries in Asia? Armenia Yes
81%
Roman Emperors from 31 BC - 150 AD Augustus Yes
81%
Countries in Asia? Benin No
81%
Breeds of Cattle? Bordeaux No
81%
Countries in Asia? Bulgaria No
81%
English Counties? Cork No
81%
Countries in Asia? Djibouti No
81%
Roman Emperors from 31 BC - 150 AD Hannibal No
81%
Breeds of Cattle? Highland Yes
81%
Breeds of Cattle? Jersey Yes
81%
Countries in Asia? Lebanon Yes
81%
Breeds of Cattle? Leghorn No
81%
Roman Emperors from 31 BC - 150 AD Nero Yes
81%
Elements in the periodic table: Pewter No
81%
Roman Emperors from 31 BC - 150 AD Savalas No
81%
Roman Emperors from 31 BC - 150 AD Socrates No
81%
English Counties? Swansea No
81%
Elements in the periodic table: Tin Yes
81%
Elements in the periodic table: Uranium Yes
81%
Elements in the periodic table: Zinc Yes
81%
Elements in the periodic table: Agate No
76%
Breeds of Cattle? Austral No
76%
Elements in the periodic table: Boron Yes
76%
Elements in the periodic table: Brass No
76%
Roman Emperors from 31 BC - 150 AD Charlemagne No
76%
Elements in the periodic table: Chromium Yes
76%
Roman Emperors from 31 BC - 150 AD Claudius Yes
76%
Breeds of Cattle? Hereford Yes
76%
Elements in the periodic table: Iron Yes
76%
English Counties? Lincolnshire Yes
76%
Countries in Asia? Lithuania No
76%
English Counties? Londonderry No
76%
Elements in the periodic table: Nylon No
76%
Elements in the periodic table: Quartz No
76%
Famous male boxers past and present? Rocky Marciano Yes
76%
Movie Stars that have NOT won a 'Best Actor' Oscar? Denzel Washington No
71%
English Counties? Durham Yes
71%
Roman Emperors from 31 BC - 150 AD Herod No
71%
Elements in the periodic table: Lead Yes
71%
Elements in the periodic table: Steel No
71%
Elements in the periodic table: Tungsten Yes
71%
Elements in the periodic table: Bronze No
67%
Roman Emperors from 31 BC - 150 AD Caligula Yes
67%
Roman Emperors from 31 BC - 150 AD Hadrian Yes
67%
Famous male boxers past and present? Tyson Fury Yes
67%
English Counties? Westminster No
67%
Roman Emperors from 31 BC - 150 AD Alexander No
62%
Movie Stars that have NOT won a 'Best Actor' Oscar? Frances McDormand No
62%
Movie Stars that have NOT won a 'Best Actor' Oscar? Gene Hackman No
62%
Movie Stars that have NOT won a 'Best Actor' Oscar? Glenda Jackson No
62%
Movie Stars that have NOT won a 'Best Actor' Oscar? Jodie Foster No
62%
English Counties? Windsor No
62%
Elements in the periodic table: Arsenic Yes
57%
Breeds of Cattle? Friesian Yes
57%
Famous male boxers past and present? Jack Dempsey Yes
57%
Famous male boxers past and present? Joe Louis Yes
57%
English Counties? Merseyside Yes
57%
Roman Emperors from 31 BC - 150 AD Tiberius Yes
57%
English Counties? Cumbria Yes
52%
Movie Stars that have NOT won a 'Best Actor' Oscar? Kevin Spacey No
48%
Famous male boxers past and present? Lennox Lewis Yes
48%
Movie Stars that have NOT won a 'Best Actor' Oscar? Robert Downey jr. Yes
48%
Movie Stars that have NOT won a 'Best Actor' Oscar? Sean Penn No
48%
Movie Stars that have NOT won a 'Best Actor' Oscar? Bradley Cooper Yes
43%
Movie Stars that have NOT won a 'Best Actor' Oscar? Harrison Ford Yes
43%
Movie Stars that have NOT won a 'Best Actor' Oscar? Hugh Jackman Yes
43%
Famous male boxers past and present? Canelo Alvarez Yes
38%
Roman Emperors from 31 BC - 150 AD Trajan Yes
38%
Breeds of Cattle? Zebu Yes
38%
Movie Stars that have NOT won a 'Best Actor' Oscar? Johnny Depp Yes
33%
Roman Emperors from 31 BC - 150 AD Vespasian Yes
33%
Movie Stars that have NOT won a 'Best Actor' Oscar? Will Smith Yes
33%
Movie Stars that have NOT won a 'Best Actor' Oscar? Winona Ryder Yes
33%
Movie Stars that have NOT won a 'Best Actor' Oscar? Glen Close Yes
29%
Breeds of Cattle? Simmental Yes
29%
English Counties? Wessex No
29%
Movie Stars that have NOT won a 'Best Actor' Oscar? Michael Caine Yes
19%
Breeds of Cattle? Santa Gertrudis Yes
14%
Breeds of Cattle? Chianina Yes
10%
Roman Emperors from 31 BC - 150 AD Julius Caesar No
10%
No matching quizzes found
Score Distribution
Percent of People with Each Score
Percentile by Number Answered
Your Score History
You have not taken this quiz